[Event "London Classic FIDE Open"]
[Site "London ENG"]
[Date "2011.12.09"]
[Round "7"]
[White "Cornette, Matthieu"]
[Black "Lemeaux, David"]
[Result "1-0"]
[WhiteTitle "GM"]
[WhiteElo "2548"]
[BlackElo "2279"]
[WhiteFideId "620084"]
[BlackFideId "613843"]
[EventDate "2011.12.03"]

1. Nf3 Nf6 2. c4 c6 3. d4 d5 4. Nc3 dxc4 5. a4 Bf5 6. Nh4 Bg4 7. h3 Bh5 8. g4
Bg6 9. Nxg6 hxg6 10. e4 e6 11. g5 Nh5 12. Bxc4 Nd7 13. Be3 Bd6 14. Qg4 Qe7 15.
f4 a5 16. O-O Bb4 17. Rac1 O-O-O 18. Na2 Bd6 19. b4 axb4 20. Bd2 f5 21. gxf6
gxf6 22. e5 fxe5 23. fxe5 Nxe5 24. Qxe6+ Nd7 25. Rf7 Qxe6 26. Bxe6 Rhf8 27. Rcf1
Rxf7 28. Rxf7 b3 29. Bxb3 Rf8 30. Nc3 Rxf7 31. Bxf7 Nf4 32. Ne4 Bc7 33. Kf1 Nb6
34. a5 Nbd5 35. h4 Kb8 36. Kf2 Ka7 37. Kf3 b6 38. axb6+ Kxb6 39. Nc3 Bd8 40.
Bxf4 Nxf4 41. Kxf4 Bxh4 42. Bxg6 Kc7 43. Ne4 Be7 44. Ke3 Kd7 45. Bf5+ Kc7 46.
Kd3 Kb6 47. Kc4 Bf8 48. Nc5 Bd6 49. Be4 Be7 50. Nd7+ Kc7 51. Ne5 Bh4 52. Nxc6
Kd6 53. Na7 Bf2 54. Nb5+ Kd7 55. Kd5 Bg3 56. Bf5+ Ke7 57. Kc6 Kf6 58. Bh3 Ke7
59. d5 Kf6 60. d6 Bxd6 61. Kxd6 Kg5 62. Ke5 Kg6 63. Nd6 Kg7 64. Bf5 Kh6 65. Kf6
Kh5 66. Nf7 Kh4 67. Ke5 Kg3 68. Ke4 Kf2 69. Bg4 Kg3 70. Ne5 Kh4 71. Kf5 Kg3 72.
Kg5 Kf2 73. Kf4 Ke1 74. Ke3 Kf1 75. Nd3 Kg2 76. Kf4 1-0

[Event "London Classic FIDE Open"]
[Site "London ENG"]
[Date "2011.12.09"]
[Round "7"]
[White "Hebden, Mark L"]
[Black "Farrand, Tom"]
[Result "1-0"]
[WhiteTitle "GM"]
[WhiteElo "2515"]
[BlackElo "2265"]
[WhiteFideId "400084"]
[BlackFideId "406457"]
[EventDate "2011.12.03"]

1. d4 e6 2. Nf3 f5 3. g3 Nf6 4. Bg2 Be7 5. O-O O-O 6. c4 d6 7. Nc3 Qe8 8. Bg5
Ne4 9. Bxe7 Nxc3 10. bxc3 Qxe7 11. Rb1 Nd7 12. Nd2 c6 13. Qb3 Kh8 14. Qa3 e5 15.
e3 e4 16. f3 exf3 17. Rxf3 Nf6 18. Bf1 f4 19. exf4 Bf5 20. Ra1 Bg4 21. Rf2 Rae8
22. Bg2 Bf5 23. h3 Qe3 24. Nf1 Qd3 25. Rc1 Re2 26. Rxe2 Qxe2 27. Qb3 Re8 28. a4
Bd3 29. Qd1 Bxc4 30. g4 Nd5 31. Qd2 Qe7 32. Ng3 Qe3+ 33. Qxe3 Rxe3 34. Nf5 Re2
35. Bf1 Nxf4 36. Rb1 b5 37. axb5 Bxb5 38. c4 Bxc4 39. Rb8+ Bg8 40. Bxe2 Nxe2+
41. Kf2 Nc3 42. Ne7 Ne4+ 43. Kg2 1-0

[Event "London Classic FIDE Open"]
[Site "London ENG"]
[Date "2011.12.09"]
[Round "7"]
[White "Cox, John J"]
[Black "Ledger, Dave J"]
[Result "1/2-1/2"]
[WhiteTitle "IM"]
[BlackTitle "FM"]
[WhiteElo "2423"]
[BlackElo "2228"]
[WhiteFideId "401064"]
[BlackFideId "401986"]
[EventDate "2011.12.03"]

1. c4 e5 2. g3 Nf6 3. Bg2 d5 4. cxd5 Nxd5 5. Nc3 Nb6 6. Nf3 Nc6 7. O-O Be7 8. a3
O-O 9. b4 Re8 10. Rb1 Bf8 11. d3 a5 12. b5 Nd4 13. Nd2 a4 14. e3 Ne6 15. Nf3 Nc5
16. d4 exd4 17. Nxd4 Qf6 18. Qc2 Qg6 19. e4 Ne6 20. Nde2 Rd8 21. Rd1 Rxd1+ 22.
Qxd1 Nc5 23. Qc2 Be6 24. Nf4 Bb3 25. Qe2 Qd6 26. Nfd5 Nxd5 27. exd5 Qd7 28. Ra1
Re8 29. Be3 Qf5 30. h3 b6 31. Qg4 Qxg4 32. hxg4 Nd3 33. Bf1 Ne5 34. g5 Bd6 35.
Bf4 Nf3+ 36. Kg2 Bxf4 37. gxf4 Ne1+ 38. Kg3 Nc2 39. Rc1 Re1 40. Rxe1 Nxe1 41.
Bg2 Nc2 42. Nb1 Kf8 43. Be4 Ke7 44. Bxh7 Nd4 45. Bd3 Bxd5 46. f5 Kd6 47. Nc3 Bb3
48. Ne4+ Kd7 49. f6 g6 50. Kf4 Ke6 51. Nc3 Nc2 52. Bxc2 Bxc2 53. Ke3 Kd6 54. Kd4
Bb3 55. f4 c5+ 56. bxc6 Kxc6 57. Ne4 b5 58. Nc5 Bc2 59. Na6 Kd6 60. Nb4 Bb1 61.
Na6 Bf5 62. Nb4 Bd7 63. Nd3 Be6 64. Nb4 Bc4 65. Nc2 Be6 66. Nb4 Bc4 67. Nc2 Be6
68. Nb4 1/2-1/2

[Event "London Classic FIDE Open"]
[Site "London ENG"]
[Date "2011.12.09"]
[Round "7"]
[White "Thingstad, Even"]
[Black "Summerscale, Aaron P"]
[Result "0-1"]
[BlackTitle "GM"]
[WhiteElo "2213"]
[BlackElo "2422"]
[WhiteFideId "1506439"]
[BlackFideId "400980"]
[EventDate "2011.12.03"]

1. d4 d5 2. c4 e6 3. Nc3 c5 4. cxd5 exd5 5. Nf3 Nc6 6. g3 Nf6 7. Bg2 Be7 8. O-O
c4 9. Ne5 O-O 10. Bg5 Be6 11. b3 Qa5 12. Qd2 Bb4 13. Bxf6 gxf6 14. Nxc6 bxc6 15.
Rfc1 Rac8 16. bxc4 dxc4 17. a3 Be7 18. e3 Rfd8 19. Qc2 Kg7 20. Bf1 Rc7 21. Qa2
c5 22. d5 Bxd5 23. Nxd5 Rxd5 24. Rxc4 Rcd7 25. Qc2 Qd2 26. Qe4 Qb2 27. Rb1 Qe5
28. Qg4+ Kh8 29. Be2 Rd2 30. Re4 Qd6 31. Rf4 Qe6 32. Qh5 Qd5 33. Rf5 Qe4 34.
Rb8+ Rd8 35. Bf3 Qc2 36. Rxd8+ Rxd8 37. Rf4 Qg6 38. Qh3 f5 39. Rxf5 c4 40. Be4
Qe6 41. Qg4 c3 42. Qf4 Bd6 43. Qf3 Rf8 44. Rh5 h6 45. Rf5 Be5 46. Bd5 Qe7 47.
Qe4 Bf6 48. Qf4 Bg7 49. Be4 Qd7 50. Kg2 Kg8 51. Rd5 Qc8 52. Bc2 Re8 53. Rf5 Qb7+
54. Kg1 Rd8 55. Qc4 Qd7 56. Rc5 Rb8 57. Rc7 Qe6 58. Qf4 Be5 59. Qc4 Bxc7 60.
Qxc7 Qc8 61. Qxa7 Rb2 62. Qa4 Qe6 63. h4 h5 64. Qa8+ Kg7 65. Qa4 Qd5 66. Be4 Qd2
67. Bg2 Qxf2+ 0-1

[Event "London Classic FIDE Open"]
[Site "London ENG"]
[Date "2011.12.09"]
[Round "7"]
[White "Gislason, Gudmundur"]
[Black "White, Michael J R"]
[Result "1/2-1/2"]
[BlackTitle "FM"]
[WhiteElo "2318"]
[BlackElo "2214"]
[WhiteFideId "2300559"]
[BlackFideId "407380"]
[EventDate "2011.12.03"]

1. d4 Nf6 2. Nf3 g6 3. g3 Bg7 4. Bg2 O-O 5. c4 d5 6. cxd5 Nxd5 7. O-O Nb6 8. Nc3
Nc6 9. e3 Re8 10. h3 a5 11. d5 Nb4 12. e4 c6 13. a3 Na6 14. dxc6 bxc6 15. Qc2 h6
16. Ne2 Be6 17. Nf4 Bc4 18. Rd1 Qc7 19. Be3 c5 20. e5 e6 21. Rd6 Bd5 22. Rd1 a4
23. Nxd5 exd5 24. Rxb6 Qxb6 25. Rxd5 Qb7 26. Qd2 Rab8 27. Rd6 Nc7 28. Bxc5 Qxb2
29. Qxb2 Rxb2 30. Rc6 Nb5 31. Ra6 Rc8 1/2-1/2

[Event "London Classic FIDE Open"]
[Site "London ENG"]
[Date "2011.12.09"]
[Round "7"]
[White "Britton, Richard L"]
[Black "Stoma, Pawel"]
[Result "1/2-1/2"]
[WhiteTitle "FM"]
[WhiteElo "2219"]
[BlackElo "2316"]
[WhiteFideId "401692"]
[BlackFideId "1113569"]
[EventDate "2011.12.03"]

1. e4 c6 2. d4 d5 3. Nd2 dxe4 4. Nxe4 Bf5 5. Ng3 Bg6 6. h4 h6 7. Nf3 Nd7 8. h5
Bh7 9. Bd3 Bxd3 10. Qxd3 e6 11. Bf4 Qa5+ 12. Bd2 Bb4 13. c3 Be7 14. c4 Qc7 15.
O-O-O Ngf6 16. Kb1 O-O 17. Qe2 b5 18. c5 Rfe8 19. Bc1 Rad8 20. Nf1 e5 21. dxe5
Bxc5 22. Qc2 Nd5 23. g4 Nxe5 24. Qxc5 Nxf3 25. Ne3 Qd6 26. Qxd6 Rxd6 27. Nf5
Rdd8 28. Rd3 Re1 29. Rxe1 Nxe1 30. Rg3 Nf6 31. g5 Nxh5 32. Rh3 g6 33. Nxh6+ Kg7
34. Re3 Rd1 35. Re7 Kf8 36. Rxf7+ Ke8 37. b4 Rd7 38. Rxd7 Kxd7 39. Be3 a6 40.
Kb2 Ng7 41. Kc3 Nf3 42. Kd3 Ne6 43. Nf7 Ke7 44. Ke4 Kxf7 45. Kxf3 Ng7 46. Ke4
Ke6 47. Kd4 Nf5+ 48. Kc5 Kd7 49. Kb6 Kd6 50. Bc5+ Kd5 51. Kc7 Nh4 52. Kd7 Nf3
53. Be3 Nh4 54. Bb6 Nf3 55. Be3 Kc4 56. a3 Kd5 57. Ke7 Ke5 58. Kd7 1/2-1/2

[Event "London Classic FIDE Open"]
[Site "London ENG"]
[Date "2011.12.09"]
[Round "7"]
[White "Radovanovic, Jovica"]
[Black "Karthikeyan, Murali"]
[Result "0-1"]
[WhiteTitle "FM"]
[WhiteElo "2309"]
[BlackElo "2154"]
[WhiteFideId "915912"]
[BlackFideId "5074452"]
[EventDate "2011.12.03"]

1. Nf3 Nf6 2. c4 e6 3. Nc3 c5 4. e3 d5 5. d4 b6 6. cxd5 exd5 7. Bb5+ Bd7 8.
Bxd7+ Nbxd7 9. O-O c4 10. Ne5 Qc7 11. e4 dxe4 12. Bf4 Qb7 13. Nxc4 Qc6 14. Qe2
Be7 15. d5 Nxd5 16. Nxd5 Qxd5 17. Rad1 Qe6 18. Nd6+ Bxd6 19. Bxd6 f6 20. Rd4 f5
21. Bb4 Nf6 22. Rd6 Qxa2 23. Rc1 O-O 24. Rdc6 Rfe8 25. h3 Nd5 26. Bd6 e3 27. f4
Qa4 28. b4 Qb3 29. b5 Rad8 30. Be5 Ne7 31. R6c3 Qd5 32. Rxe3 Ng6 33. Rc7 Rd7 34.
Rxd7 Qxd7 35. Kh2 Qd5 36. Qb2 Nxe5 37. Rxe5 Rxe5 38. fxe5 Kf7 39. Kg1 Ke6 40.
Qa3 Qd7 41. Qa1 g6 42. Qb2 Qd1+ 43. Kh2 Qd5 44. g3 h5 45. h4 Qxe5 46. Qa2+ Kd6
47. Qxa7 Kc5 48. Qa6 Qe2+ 49. Kh3 Qf1+ 50. Kh2 Qxb5 51. Qa3+ Qb4 52. Qa7 Qd2+
53. Kg1 Qd6 54. Kg2 Kd5 55. Qa2+ Ke5 56. Kh2 Kf6 57. Qb2+ Kf7 58. Qb3+ Kg7 59.
Qc3+ Kh7 60. Qc4 Qe7 61. Qc6 f4 62. Qxb6 Qe2+ 63. Kh1 Qf3+ 64. Kg1 Qxg3+ 65. Kf1
Qxh4 0-1

[Event "London Classic FIDE Open"]
[Site "London ENG"]
[Date "2011.12.09"]
[Round "7"]
[White "Afek, Yochanan"]
[Black "Compton, Alistair"]
[Result "1-0"]
[WhiteTitle "IM"]
[WhiteElo "2301"]
[BlackElo "2024"]
[WhiteFideId "2800462"]
[BlackFideId "4300645"]
[EventDate "2011.12.03"]

1. e4 e6 2. d4 d5 3. e5 c5 4. c3 Nc6 5. Nf3 Bd7 6. Bd3 Qb6 7. dxc5 Bxc5 8. O-O
a5 9. Nbd2 f6 10. Qe2 Nxe5 11. Nxe5 fxe5 12. Qxe5 Nf6 13. Nf3 O-O 14. Qe2 Rae8
15. Ne5 Qc7 16. Bg5 Bc6 17. Rae1 Bd6 18. f4 Bxe5 19. Qxe5 Qb6+ 20. Qd4 Qxb2 21.
f5 e5 22. Qc5 d4 23. Bc4+ Kh8 24. Rf2 Qxc3 25. Bd2 Qc2 26. Bg5 Ne4 27. Qxf8+
Rxf8 28. Rxc2 1-0

[Event "London Classic FIDE Open"]
[Site "London ENG"]
[Date "2011.12.09"]
[Round "7"]
[White "Willmoth, Robert F"]
[Black "Ansell, Simon T"]
[Result "0-1"]
[BlackTitle "IM"]
[WhiteElo "2169"]
[BlackElo "2389"]
[WhiteFideId "402540"]
[BlackFideId "402141"]
[EventDate "2011.12.03"]

1. Nf3 Nf6 2. b3 d6 3. d4 Bg4 4. Bb2 Bxf3 5. exf3 d5 6. g3 e6 7. Bg2 c5 8. O-O
Nc6 9. dxc5 Bxc5 10. Nd2 O-O 11. f4 Rc8 12. Rc1 Qe7 13. c4 Ba3 14. Bxf6 Qxf6 15.
Rb1 Rfd8 16. cxd5 exd5 17. Nf3 d4 18. Ne5 Nxe5 19. fxe5 Qxe5 20. Bxb7 Rc3 21.
Re1 Qc7 22. Ba6 d3 23. b4 g6 24. Qa4 d2 25. Re8+ Kg7 26. Rd1 Rxe8 27. Qxe8 Rc1
28. Be2 Bxb4 29. Qe4 Qc3 30. Qf4 a5 31. h4 Qa1 32. Qf3 Qxa2 33. h5 Qe6 34. Kh2
gxh5 35. Qd3 h4 36. Qd4+ Qf6 37. Qg4+ Kf8 38. Kg2 hxg3 39. fxg3 Qe6 40. Qh5 Rc5
41. Qf3 Qc6 42. Rh1 Qxf3+ 43. Kxf3 Rc3+ 44. Kg2 Rc1 45. Bd1 Ra1 46. Kf2 a4 47.
Ke2 a3 48. Rxh7 Rxd1 49. Kxd1 Bc3 0-1

[Event "London Classic FIDE Open"]
[Site "London ENG"]
[Date "2011.12.09"]
[Round "7"]
[White "Bates, Richard A"]
[Black "Blazquez, Denis"]
[Result "1-0"]
[WhiteTitle "IM"]
[WhiteElo "2386"]
[BlackElo "2178"]
[WhiteFideId "403555"]
[BlackFideId "601705"]
[EventDate "2011.12.03"]

1. d4 Nf6 2. Nf3 e6 3. c4 Nc6 4. g3 d5 5. Bg2 dxc4 6. O-O a6 7. Nc3 Rb8 8. e4
Be7 9. Qe2 Nxd4 10. Nxd4 Qxd4 11. Rd1 Qc5 12. Be3 Qb4 13. Rd4 b5 14. e5 Nd7 15.
Bc6 Rb6 16. Bxd7+ Bxd7 17. Rxd7 Kxd7 18. Rd1+ Kc8 19. Bxb6 cxb6 20. Qf3 Kc7 21.
Qxf7 Rd8 22. Rd6 Rd7 23. Qxe6 Bxd6 24. Nd5+ Kc8 25. Qe8+ 1-0

[Event "London Classic FIDE Open"]
[Site "London ENG"]
[Date "2011.12.09"]
[Round "7"]
[White "Gavriel, Tryfon C"]
[Black "Alfred, Nathan S W"]
[Result "1/2-1/2"]
[WhiteTitle "CM"]
[BlackTitle "FM"]
[WhiteElo "2156"]
[BlackElo "2294"]
[WhiteFideId "403105"]
[BlackFideId "407739"]
[EventDate "2011.12.03"]

1. d4 Nf6 2. Nf3 g6 3. Nc3 d5 4. Bf4 Bg7 5. e3 O-O 6. Be2 Nbd7 7. Ne5 c5 8. Bf3
Qa5 9. Qd2 e6 10. h4 Nxe5 11. Bxe5 b5 12. dxc5 b4 13. Qd4 bxc3 14. b4 Qd8 15. h5
Ne8 16. Bxg7 Nxg7 17. hxg6 fxg6 18. Qxc3 Qf6 19. Qxf6 Rxf6 20. a4 Rb8 21. c3 Nf5
22. Ke2 Ne7 23. b5 e5 24. e4 Be6 25. Rhd1 dxe4 26. Bxe4 Rf4 27. f3 Rxe4+ 28.
fxe4 Bg4+ 29. Ke3 Bxd1 30. Rxd1 Rc8 31. Rd7 Kf8 32. c6 Nxc6 33. bxc6 1/2-1/2

[Event "London Classic FIDE Open"]
[Site "London ENG"]
[Date "2011.12.09"]
[Round "7"]
[White "Yeo, Michael J"]
[Black "Rudd, Jack"]
[Result "0-1"]
[BlackTitle "IM"]
[WhiteElo "2152"]
[BlackElo "2290"]
[WhiteFideId "402257"]
[BlackFideId "405736"]
[EventDate "2011.12.03"]

1. e4 e6 2. d4 d5 3. Nc3 Nf6 4. Bg5 Bb4 5. e5 h6 6. Bc1 Ne4 7. Ne2 c5 8. a3
Bxc3+ 9. Nxc3 Qa5 10. Bd2 Nxd2 11. Qxd2 cxd4 12. Nb5 Qxd2+ 13. Kxd2 Kd8 14. Nxd4
Nc6 15. Nxc6+ bxc6 16. Re1 Kc7 17. h4 Bd7 18. Rh3 Rhb8 19. b3 f6 20. Rg3 Rg8 21.
Bd3 f5 22. Rg6 Kd8 23. g4 f4 24. h5 Ke7 25. g5 Be8 26. gxh6 Bxg6 27. hxg6 gxh6
28. Rh1 c5 29. Rxh6 Rh8 30. Rh7+ Rxh7 31. gxh7 a5 32. Bg6 Rh8 33. Ke2 Kf8 34.
Kf3 Kg7 35. Bd3 a4 36. Kxf4 Rf8+ 37. Ke3 Ra8 38. bxa4 Rxa4 39. f4 Rxa3 40. f5
Kxh7 41. fxe6+ Kg7 42. Kd2 Kf8 43. Bf5 Ke7 44. Ke2 Rg3 45. Kd2 Rg5 46. Bh3 Rxe5
47. c3 Rxe6 48. Bxe6 Kxe6 49. Ke3 Ke5 50. Kd3 Kf4 51. Kd2 Ke4 52. Ke2 c4 0-1

[Event "London Classic FIDE Open"]
[Site "London ENG"]
[Date "2011.12.09"]
[Round "7"]
[White "Webb, Laurence E"]
[Black "Nandhidhaa, PV"]
[Result "1-0"]
[WhiteTitle "FM"]
[WhiteElo "2283"]
[BlackElo "2139"]
[WhiteFideId "402389"]
[BlackFideId "5050847"]
[EventDate "2011.12.03"]

1. e4 c5 2. Nf3 e6 3. c3 Nf6 4. Bd3 Nc6 5. Bc2 Qc7 6. O-O b6 7. Re1 Bb7 8. d3
Be7 9. Bg5 d6 10. a4 O-O 11. Na3 a6 12. Rc1 h6 13. Bh4 Rac8 14. Bb1 Qb8 15. h3
Ba8 16. d4 cxd4 17. cxd4 Nd7 18. Rxc6 Bxc6 19. Bxe7 Rfe8 20. Bh4 b5 21. axb5
axb5 22. Bg3 Nf8 23. e5 d5 24. Nc2 b4 25. Qd2 b3 26. Ne3 Bb5 27. Ng4 Nh7 28. Bh4
Qc7 29. Bf6 h5 30. Bxg7 f5 31. exf6 hxg4 32. Bxh7+ Kxh7 33. Qh6+ 1-0

[Event "London Classic FIDE Open"]
[Site "London ENG"]
[Date "2011.12.09"]
[Round "7"]
[White "Eckersley-Waites, Tom"]
[Black "Tavoularis, Nicholas"]
[Result "1/2-1/2"]
[WhiteElo "2276"]
[BlackElo "2143"]
[WhiteFideId "412449"]
[BlackFideId "4205596"]
[EventDate "2011.12.03"]

1. e4 d5 2. exd5 Qxd5 3. Nf3 Nf6 4. Be2 g6 5. d4 Bg7 6. c4 Qd8 7. Be3 O-O 8. Nc3
c6 9. h3 a6 10. a4 a5 11. Qd2 Na6 12. Rd1 Bf5 13. g4 Ne4 14. Qc1 Nxc3 15. bxc3
Be4 16. O-O Bxf3 17. Bxf3 Qc7 18. Bf4 e5 19. Bh2 f5 20. gxf5 gxf5 21. Rfe1 f4
22. Re4 Rad8 23. Kh1 Kh8 24. Rde1 exd4 25. cxd4 Rxd4 26. Re7 Qd8 27. Qb2 Nc5 28.
Bxf4 Qxe7 29. Rxe7 Rd1+ 30. Bxd1 Bxb2 31. Bh6 Rd8 32. Bc2 Bd4 33. f4 Bf6 34. Rf7
Bc3 35. Bxh7 Nxa4 36. Rxb7 Nc5 37. Ra7 a4 38. Bc2 a3 39. Rxa3 Bd2 40. Bf5 Re8
41. Ra2 Bc1 42. Rg2 Re7 43. Bf8 Re1+ 44. Rg1 Rxg1+ 45. Kxg1 Nb7 46. Bh6 Nd6 47.
Be6 Kh7 48. Bg5 Kg6 49. Kg2 Ne4 50. Bd7 Nxg5 51. fxg5 Kxg5 1/2-1/2

[Event "London Classic FIDE Open"]
[Site "London ENG"]
[Date "2011.12.09"]
[Round "7"]
[White "Zymberi, Astrit"]
[Black "Gagare, Shardul"]
[Result "1/2-1/2"]
[BlackTitle "FM"]
[WhiteElo "2138"]
[BlackElo "2275"]
[WhiteFideId "4700295"]
[BlackFideId "5037883"]
[EventDate "2011.12.03"]

1. d4 Nf6 2. c4 g6 3. Nc3 Bg7 4. e4 d6 5. f3 c6 6. Be3 a6 7. Bd3 b5 8. Qd2 Nbd7
9. Nge2 bxc4 10. Bxc4 d5 11. Bb3 dxe4 12. Nxe4 O-O 13. N2c3 a5 14. O-O Nb6 15.
Na4 Nfd5 16. Bf2 Ba6 17. Rfc1 Bb5 18. Nxb6 Qxb6 19. Nc5 Rfd8 20. a3 Qc7 21. Ne4
Qf4 22. Bxd5 Qxd2 23. Bxf7+ Kxf7 24. Nxd2 Rxd4 25. Nf1 a4 26. Rc2 Rd3 27. Ng3
Rb3 28. Re1 Rxb2 29. Rxb2 Bxb2 30. Bc5 e5 31. Rd1 Bd4+ 32. Bxd4 Rd8 33. Ne4 exd4
34. Kf2 Rd5 35. h4 h6 36. g4 Ke6 37. g5 h5 38. Nf6 Rc5 39. Rxd4 Rc3 40. Ne4 Rxa3
41. Rd6+ Ke5 42. Rxg6 Ra2+ 43. Kg3 Bf1 44. Nf2 Rc2 45. f4+ Kd5 46. Rg8 a3 47.
Ra8 Rc3+ 48. Kh2 Bc4 49. g6 a2 50. g7 Kc5 51. Ne4+ Kd4 52. Nxc3 Kxc3 53. f5 Kb2
54. Kg3 a1=Q 55. Rxa1 Kxa1 56. Kf4 Bg8 57. Kg5 c5 58. Kg6 c4 59. f6 c3 60. f7
Bxf7+ 61. Kxf7 c2 62. g8=Q c1=Q 63. Qa8+ Kb2 64. Qb7+ Ka3 65. Qf3+ Ka2 66. Qxh5
Qc7+ 67. Kf6 Qd6+ 68. Kg7 Qd4+ 69. Kg6 Qd6+ 70. Kg7 Qd4+ 71. Kh7 Qd7+ 72. Kh6
Qd6+ 73. Qg6 Qf4+ 74. Kh5 Qf3+ 75. Qg4 Qf7+ 76. Kg5 Qg7+ 77. Kf4 Qd4+ 78. Kg3
Qg1+ 79. Kf4 Qd4+ 80. Kg5 Qg7+ 81. Kf5 Qd7+ 82. Kf4 Qd4+ 83. Kf3 Qd1+ 84. Kf4
Qd4+ 85. Kf5 Qd7+ 86. Kg5 Qg7+ 87. Kf4 Qd4+ 88. Kf3 Qd1+ 89. Kg3 Qg1+ 1/2-1/2

[Event "London Classic FIDE Open"]
[Site "London ENG"]
[Date "2011.12.09"]
[Round "7"]
[White "Prosviriakov, Vladimir"]
[Black "Mareckova, Martina"]
[Result "1/2-1/2"]
[WhiteTitle "IM"]
[WhiteElo "2274"]
[BlackElo "2123"]
[WhiteFideId "2004860"]
[BlackFideId "327930"]
[EventDate "2011.12.03"]

1. e4 e5 2. Nc3 Nc6 3. Nf3 Nf6 4. g3 d6 5. h3 g6 6. d4 exd4 7. Nxd4 Bd7 8. Bg2
Bg7 9. O-O O-O 10. Nde2 Qe7 11. f4 Rad8 12. g4 h6 13. Ng3 Be6 14. Re1 d5 15. e5
Qc5+ 16. Kh2 Ne4 17. Ngxe4 dxe4 18. Qe2 Qc4 19. Qxc4 Bxc4 20. Bxe4 Nd4 21. b3
Ba6 22. Be3 g5 23. Rad1 Ne6 24. Bf3 gxf4 25. Bf2 Rxd1 26. Rxd1 Bxe5 27. Nd5 Rd8
28. Ne7+ Kf8 29. Rxd8+ Nxd8 30. Nf5 Ne6 31. Nxh6 Be2 32. Bxe2 f3+ 33. Kg1 fxe2
34. Be1 Nd4 35. c4 Kg7 36. Nf5+ Nxf5 37. gxf5 Kf6 38. Kf2 Kxf5 39. Kxe2 Ke4 40.
Bf2 a6 41. Be3 f5 42. Bg5 f4 43. h4 f3+ 44. Kf1 Kf5 45. Kf2 Kg4 46. Bd8 Bg3+ 47.
Ke3 Bf4+ 48. Kf2 c6 49. h5 Bg3+ 50. Ke3 Bf4+ 51. Kf2 Bg3+ 1/2-1/2

[Event "London Classic FIDE Open"]
[Site "London ENG"]
[Date "2011.12.09"]
[Round "7"]
[White "Guiot, Jerome"]
[Black "Sreeves, Clement"]
[Result "0-1"]
[WhiteElo "2100"]
[BlackElo "2247"]
[WhiteFideId "609765"]
[BlackFideId "2402564"]
[EventDate "2011.12.03"]

1. e4 c5 2. Nf3 d6 3. d4 cxd4 4. Nxd4 Nf6 5. Nc3 g6 6. g3 Nc6 7. Nde2 Bg7 8. Bg2
O-O 9. O-O Rb8 10. h3 b5 11. Bg5 h6 12. Be3 b4 13. Nd5 Nd7 14. Rb1 Kh7 15. Kh2
a5 16. Bc1 Ba6 17. f4 e6 18. Ne3 Qb6 19. Rf2 Rbc8 20. Qxd6 Nde5 21. Qd1 Nc4 22.
Rf3 Rfd8 23. Qe1 Qb5 24. e5 Nxe3 25. Rxe3 Qc4 26. b3 Qxc2 27. Rb2 Qd1 28. Qxd1
Rxd1 29. Rc2 Ne7 30. Rxc8 Nxc8 31. Bb2 Rd2 32. Bc1 Rxe2 33. Rxe2 Bxe2 34. Bb7
Ne7 35. Be3 Nd5 36. Bc5 Kg8 0-1

[Event "London Classic FIDE Open"]
[Site "London ENG"]
[Date "2011.12.09"]
[Round "7"]
[White "Rendboe, John"]
[Black "Eriksen, Magnus"]
[Result "1-0"]
[WhiteTitle "FM"]
[WhiteElo "2242"]
[BlackElo "2063"]
[WhiteFideId "1403664"]
[BlackFideId "1509764"]
[EventDate "2011.12.03"]

1. c4 c5 2. Nc3 Nc6 3. Nf3 e5 4. g3 g6 5. Bg2 Bg7 6. O-O Nge7 7. a3 O-O 8. Rb1
a5 9. d3 d6 10. Nd5 Nxd5 11. cxd5 Ne7 12. Nd2 Bd7 13. b4 cxb4 14. axb4 b5 15.
bxa5 Rxa5 16. Nb3 Ra4 17. e4 f5 18. f4 fxe4 19. dxe4 Nc8 20. Bb2 Nb6 21. Nd2 Qe7
22. fxe5 Rxf1+ 23. Qxf1 Bxe5 24. Bxe5 Qxe5 25. Qf2 Nc4 26. Rf1 Qe7 27. Nxc4 Rxc4
28. e5 Bf5 29. e6 Qf6 30. Bh3 Qd4 31. Bxf5 gxf5 32. Qxd4 Rxd4 33. Rxf5 Re4 34.
Kf2 h6 35. Kf3 Re1 36. Rf4 Kg7 37. Rb4 Kf6 38. Rxb5 Rd1 39. Ke4 Re1+ 40. Kd4
Rd1+ 41. Kc4 Rc1+ 42. Kb4 Rc2 43. Rb6 Ke5 44. Kb3 Rc1 45. Rc6 Rb1+ 46. Kc4 Rc1+
47. Kd3 Rd1+ 48. Ke2 Ra1 49. Rc7 Kxd5 50. Rh7 Kxe6 51. Rxh6+ Ke5 52. Rh8 d5 53.
Kf3 Ra3+ 54. Kg4 d4 55. Re8+ Kd5 56. h4 d3 57. Rd8+ Ke4 58. h5 Ra5 59. h6 Rd5
60. Re8+ Kd4 61. h7 1-0

[Event "London Classic FIDE Open"]
[Site "London ENG"]
[Date "2011.12.09"]
[Round "7"]
[White "Whitehead, David J"]
[Black "Stone, Andrew M"]
[Result "0-1"]
[WhiteElo "2079"]
[BlackElo "2234"]
[WhiteFideId "406813"]
[BlackFideId "404985"]
[EventDate "2011.12.03"]

1. e4 e6 2. d4 d5 3. Nc3 Nf6 4. e5 Nfd7 5. f4 c5 6. Be3 cxd4 7. Bxd4 Nc6 8. Nf3
Nxd4 9. Nxd4 Bc5 10. Bb5 O-O 11. Nce2 Qb6 12. c3 f6 13. Bxd7 Bxd7 14. Qb3 Qa6
15. Qc2 fxe5 16. fxe5 Rac8 17. Nf3 Bb5 18. Ned4 Bd3 19. Qd2 Be4 20. Qe2 Qb6 21.
Rd1 Rf4 22. O-O Bxf3 23. gxf3 Bxd4+ 24. cxd4 Rxd4 25. Kh1 Rdc4 26. Rd2 Rc1 27.
Rfd1 Qb4 28. a3 Qb3 29. Kg2 Rxd1 30. Rxd1 Qc2 31. Rd2 Qg6+ 32. Kh1 Rc1+ 33. Rd1
Qc2 34. Qxc2 Rxc2 35. b4 Kf7 36. Rd3 Kg6 37. f4 Kf5 38. Rg3 g6 39. Rh3 h5 40.
Rg3 Kxf4 41. Rxg6 Kxe5 42. Rg5+ Ke4 43. Rxh5 d4 44. Rh4+ Ke3 45. Rg4 d3 46. Rg3+
Kd4 0-1

[Event "London Classic FIDE Open"]
[Site "London ENG"]
[Date "2011.12.09"]
[Round "7"]
[White "Anderton, Matthew N"]
[Black "Varnam, Liam D"]
[Result "1-0"]
[WhiteElo "2227"]
[BlackElo "2059"]
[WhiteFideId "403237"]
[BlackFideId "410950"]
[EventDate "2011.12.03"]

1. e4 e5 2. Nf3 Nc6 3. Bb5 a6 4. Ba4 Nf6 5. O-O Nxe4 6. d4 b5 7. Bb3 d5 8. dxe5
Be6 9. Nbd2 Nc5 10. c3 d4 11. Bxe6 Nxe6 12. cxd4 Ncxd4 13. a4 Be7 14. Nb3 Nxf3+
15. Qxf3 O-O 16. Rd1 Qe8 17. Be3 bxa4 18. Na5 Bc5 19. Bxc5 Nxc5 20. Nc6 a5 21.
Rac1 Na6 22. Qe4 Nb4 23. Nd4 Rc8 24. Rc5 Qd7 25. e6 fxe6 26. Qxe6+ Rf7 27. Qc4
Rd8 28. h3 Kh8 29. Rd2 h6 30. Nf3 Nd3 31. Ne5 Nxe5 32. Rxd7 Nxd7 33. Qxf7 Nxc5
34. Qxc7 Rd1+ 35. Kh2 Rc1 36. Qf4 Nb3 37. Qxa4 Nc5 38. Qf4 Nd3 39. Qf8+ 1-0

[Event "London Classic FIDE Open"]
[Site "London ENG"]
[Date "2011.12.09"]
[Round "7"]
[White "Lee, Kai Jie Edward"]
[Black "Surendran, N."]
[Result "0-1"]
[WhiteElo "2003"]
[BlackElo "2207"]
[WhiteFideId "5802920"]
[BlackFideId "5021243"]
[EventDate "2011.12.03"]

1. e4 c5 2. Nf3 d6 3. d4 cxd4 4. Nxd4 Nf6 5. f3 e5 6. Nb3 Be6 7. c4 Nbd7 8. Be3
Nb6 9. Na3 Be7 10. Be2 O-O 11. O-O Nfd7 12. Qd2 a6 13. Rac1 Na4 14. Na5 Qc7 15.
b4 b6 16. Nb3 Qb7 17. Rb1 Rfc8 18. Rfc1 Nf6 19. Bd1 Qd7 20. Be2 Rc7 21. Rc2 Qc8
22. Rbc1 Bf8 23. Qe1 Qb7 24. Qf2 Rac8 25. Qf1 Qa8 26. Qf2 Nd7 27. Bd3 Qb8 28. c5
b5 29. c6 Nf6 30. Qe2 d5 31. Bxb5 axb5 32. Nxb5 d4 33. Bd2 Qb6 34. Qd3 Rxc6 35.
Rxc6 Rxc6 36. Rxc6 Qxc6 37. Na5 Qd7 38. f4 Nb2 39. Qf1 Nxe4 40. Bc1 d3 41. Bxb2
d2 42. Nd4 exd4 43. b5 Nc3 44. Bxc3 dxc3 45. b6 Bc5+ 0-1